Gathering Leaves - Statistics

General Stats
  • This quiz has been taken 9 times
  • The average score is 11 of 24
Answer Stats
Hint Answer % Correct
And bags full of {leaves}
80%
Spades take up {leaves}
80%
D Again and {again}
60%
D And what have I {then}?
60%
A No better than {spoons},
60%
B Of rustling all {day}
60%
B Running {away}.
60%
C And into my {face}.
40%
E And since they grew {duller}
40%
And who’s to say {where}
40%
A Are light as {balloons}.
40%
F But a crop is a {crop},
40%
But the mountains I {raise}
40%
C Elude my {embrace},
40%
Flowing over my {arms}
40%
I make a great {noise}
40%
I may load and {unload}
40%
Like rabbit and {deer}
40%
E Next to nothing for {color}.
40%
Next to nothing for {use},
40%
Next to nothing for {weight},
40%
F The harvest shall {stop}?
40%
Till I fill the whole {shed},
40%
From contact with {earth},
20%
No matching quizzes found
Score Distribution
Percent of People with Each Score
Percentile by Number Answered
Your Score History
You have not taken this quiz